000 00320nam a2200121Ia 4500
008 241028s9999 xx 000 0 und d
041 _aeng
082 _a658.408 FRA
100 _aFradin
245 _aSuccessful Product Design And Management Toolkit
260 _bWiley India
_aNew Delhi
_c2019
300 _a784;. P. 25 cm
999 _c43022
_d43022